| 000 | 00584nam a2200193 a 4500 | ||
|---|---|---|---|
| 003 | MX-MxUPN | ||
| 005 | 20250826114857.0 | ||
| 008 | 250826s1983 pe||||||r|||| 100 0 spa d | ||
| 040 |
_aMX-MxUPN _bspa _cMX-MxUPN |
||
| 041 | 0 | _aspa | |
| 050 | 1 | 4 |
_aLA596 _bE38 1983 |
| 245 | 0 | 3 | _aLa educación en el Perú |
| 260 |
_aLima, Perú : _bMinisterio de Educación, _c1983. |
||
| 300 | _a43 páginas | ||
| 650 | 4 |
_aEducación _zPerú _vCongresos _957494 |
|
| 711 | 2 |
_aCongreso Iberoamericano de Educación _d(1983 : _cLima, Perú) _957495 |
|
| 902 | _aVíctor Ruiz/260825 | ||
| 942 |
_2lcc _cFOLL |
||
| 999 |
_c213868 _d213868 |
||